000 00418nam a2200181Ia 4500
001 18330
005 20260306171622.0
008 260306s9999||||xx |||||||||||||| ||und||
041 _aESP
082 _a658.403
_bR41 2012
100 _aRender, Barry
_eAUT
245 0 _aMétodos cuantitativos para los negocios
260 _c2012
300 _a
_c
650 _aGEN
654 _aCAN
942 _cLIB
_dJUS
_fJUS
_2ddc
_n
999 _c18330
_d18330